Studia Politica Slovaca časopis pre politické vedy, najnovšie politické dejiny a medzinárodné vzťahy

Prispieva k poznaniu vzdelávania a verejnej informovanosti o politických vzťahoch vo vnútroštátnom i medzinárodnom meradle.

Salvato in:
Dettagli Bibliografici
Natura: Periodico
Lingua:slovacco
inglese
Pubblicazione: Bratislava Ústav politických vied SAV
Soggetti:
Tags: Aggiungi Tag
Nessun Tag, puoi essere il primo ad aggiungerne!!

MARC

LEADER 00000nas1a2200000 4500
001 0192062
005 20260209120154.4
022 |a 1337-8163 
022 |a 2585-8459 
041 0 |a slo 
041 0 |a eng 
044 |a SK 
245 1 0 |a Studia Politica Slovaca  |b časopis pre politické vedy, najnovšie politické dejiny a medzinárodné vzťahy 
264 1 |a Bratislava  |b Ústav politických vied SAV 
520 |a Prispieva k poznaniu vzdelávania a verejnej informovanosti o politických vzťahoch vo vnútroštátnom i medzinárodnom meradle. 
610 2 0 |a politológia 
610 2 0 |a vzťahy politické medzinárodné 
610 2 0 |a dejiny